000 00542nam a2200205Ia 4500
001 10510
003 IVS
005 20250626030601.0
008 211022s9999 xx 000 0 und d
040 _cIVS
082 _a700 NIS
100 _aNisa Karamatullah
245 0 _aLocating Theatre in Contemporary Art in Pakistan
260 _aKarachi
260 _bIndus Valley School
260 _c2012
300 _a71
856 _uhttps://drive.google.com/file/d/1tdWMyJVeEXtLyArhAxh_LXfikRtjdVnf/view?usp=sharing
942 _cDISS
_n0
_2ddc
999 _c11412
_d11412